Score 0/12 Timer 01:00
1 Play Today
% Correct
Aphrodite
85.2%
Venus
77.6%
Xochiquetzal
73.2%
Freya
68%
Yue Lao
66.5%
Áine
57.1%
Ishtar
45.3%
Kama
45.2%
Kurupi
31.9%
Oshun
27.4%
Turan
23.7%
Min
17.2%

Today's Daily Dose

You're not logged in!

Compare scores with friends on all Sporcle quizzes.
OR
Log In

Sporcle TV

Today on Sporcle TV


Watch our educational content, quiz creation guides, and fun videos on Sporcle TV.

Show Comments

Extras

Top Quizzes Today


Score Distribution

Paid Content

Your Account Isn't Verified!

In order to create a playlist on Sporcle, you need to verify the email address you used during registration. Go to your Sporcle Settings to finish the process.

Report this User

Report this user for behavior that violates our Community Guidelines.

Details: